सफर दिवेआगरSाी निसर्गराज श्रीवर्धन परिसराSाी (Record no. 338271)

MARC details
000 -LEADER
fixed length control field 00807nam a2200169Ia 4500
008 - FIXED-LENGTH DATA ELEMENTS--GENERAL INFORMATION
fixed length control field 090711s9999 xx 000 0 und d
082 ## - DEWEY DECIMAL CLASSIFICATION NUMBER
Item number 1267
100 ## - MAIN ENTRY--PERSONAL NAME
Personal name घाणेकर प्र. के.
245 ## - TITLE STATEMENT
Title सफर दिवेआगरSाी निसर्गराज श्रीवर्धन परिसराSाी
260 ## - PUBLICATION, DISTRIBUTION, ETC. (IMPRINT)
Name of publisher, distributor, etc स्नेहल प्रकाशन
Date of publication, distribution, etc 2000
300 ## - PHYSICAL DESCRIPTION
Extent 55
600 ## - SUBJECT ADDED ENTRY--PERSONAL NAME
Personal name घाणेकर प्र. के.
630 ## - SUBJECT ADDED ENTRY--UNIFORM TITLE
Uniform title सफर दिवेआगरSाी निसर्गराज श्रीवर्धन परिसराSाी
700 ## - ADDED ENTRY--PERSONAL NAME
Personal name घाणेकर प्र. के.
730 ## - ADDED ENTRY--UNIFORM TITLE
Uniform title सफर दिवेआगरSाी निसर्गराज श्रीवर्धन परिसराSाी
942 ## - ADDED ENTRY ELEMENTS (KOHA)
Koha item type Book

No items available.